<?xml version="1.0" encoding="UTF-8"?>
<record
    xmlns:xsi="http://www.w3.org/2001/XMLSchema-instance"
    xsi:schemaLocation="http://www.loc.gov/MARC21/slim http://www.loc.gov/standards/marcxml/schema/MARC21slim.xsd"
    xmlns="http://www.loc.gov/MARC21/slim">

  <leader>02158agaaa2200301   4500</leader>
  <controlfield tag="001">0462</controlfield>
  <controlfield tag="003">IT-RoPAU</controlfield>
  <controlfield tag="005">20220918181255.0</controlfield>
  <controlfield tag="007">d cvaizq</controlfield>
  <controlfield tag="008">50131s9999||||xx ||| |     ||   ||und||</controlfield>
  <datafield tag="040" ind1=" " ind2=" ">
    <subfield code="a">IT-RoPAU</subfield>
    <subfield code="c">IT-RoPAU</subfield>
  </datafield>
  <datafield tag="041" ind1=" " ind2=" ">
    <subfield code="a">ITALIANO </subfield>
  </datafield>
  <datafield tag="100" ind1=" " ind2=" ">
    <subfield code="a">Yong Jung Soo</subfield>
    <subfield code="g">Codice regista SPICS: 60182</subfield>
    <subfield code="9">50711</subfield>
  </datafield>
  <datafield tag="130" ind1=" " ind2=" ">
    <subfield code="a">GESU' UN REGNO SENZA CONFINI: LA PASSIONE E LA RESURREZIONE </subfield>
    <subfield code="9">50712</subfield>
  </datafield>
  <datafield tag="245" ind1=" " ind2=" ">
    <subfield code="a">GESU' UN REGNO SENZA CONFINI: LA PASSIONE E LA RESURREZIONE </subfield>
    <subfield code="c">Prodotto da: Corradi O. Choi P. -- Sceneggiatura: Scaffa Luciano -- Diretto da: Yong Jung Soo</subfield>
    <subfield code="p">GESU' UN REGNO SENZA CONFINI: LA PASSIONE E LA RESURREZIONE (Rif. Codice opera principale : K0462)</subfield>
  </datafield>
  <datafield tag="250" ind1=" " ind2=" ">
    <subfield code="a">Edizione Standard</subfield>
  </datafield>
  <datafield tag="260" ind1=" " ind2=" ">
    <subfield code="a">(ITALIA)</subfield>
    <subfield code="b">N.d. / Distribuzione: MULTIMEDIA SAN APOLO</subfield>
    <subfield code="g">"2010 (1&#xB0; ed.: 2010 ; Ed. Lingua Orig.: 2010)"</subfield>
  </datafield>
  <datafield tag="300" ind1=" " ind2=" ">
    <subfield code="a">DVD</subfield>
    <subfield code="b">sonoro, col.</subfield>
  </datafield>
  <datafield tag="508" ind1=" " ind2=" ">
    <subfield code="a">"Musica: Zavallone Paolo; Sceneggiatura: Scaffa Luciano ; "</subfield>
  </datafield>
  <datafield tag="520" ind1=" " ind2=" ">
    <subfield code="a">"OTTAVO DVD DELLA SERIE LE AVVENTURE DELLA BIBBIA DA ADAMO A GESU'. GESU' ARRIVA A GERUSALEMME, MENTRE I FARISEI SI ORGANIZZANO PER UCCIDERLO. GIUDA LO TRADISCE, PONZIO PILATO NON RIESCE A SALVARLO: GESU' VIENE COSI' CROCIFISSO SULLA COLLINA DEL GOLGOTA. MA ALL'ALBA DEL GIORNO DOPO ALCUNE DONNE SCOPRONO IL SEPOLCRO VUOTO. GESU' SI MANIFESTA PRIMA AI DUE DISCEPOLI DELLA CITTA' DI EMMAUS E POI AGLI ALTRI. INIZIA LA MISSIONE DEI PRIMI CRISTIANI: PREDICARE PER IL MONDO LA BUONA NOVELLA. CAPITOLI: 1-CENA NELLA NOTTE DEL TRADIMENTO; 2-CORAGGIO DI PIETRO; 3-PROCESSO A GESU'; 4-ULTIMA ORA; 5-SEPOLCRO E' VUOTO; 6-MARANATHA'; 7-AVVENTURA DEI PRIMI CRISTIANI. SCHEDE EXTRA-IN VERITA' TI DICO: ULTIMA CENA; GETZEMANI; SINEDRIO E PILATO; CROCIFISSIONE; RESURREZIONE; GESU' E' RISORTO; PAROLA DI GESU' NEL MONDO."</subfield>
  </datafield>
  <datafield tag="538" ind1=" " ind2=" ">
    <subfield code="a">PAL, STEREO</subfield>
  </datafield>
  <datafield tag="546" ind1=" " ind2=" ">
    <subfield code="a">ITALIANO </subfield>
  </datafield>
  <datafield tag="650" ind1=" " ind2=" ">
    <subfield code="a">ANIMAZIONE </subfield>
    <subfield code="e">DVD-FILM [DVD]</subfield>
    <subfield code="x">Codice MATERIA SPICS: 9947</subfield>
    <subfield code="9">50713</subfield>
  </datafield>
  <datafield tag="700" ind1=" " ind2=" ">
    <subfield code="a">Scaffa Luciano </subfield>
    <subfield code="e">(soggetto)</subfield>
    <subfield code="g">Codice Soggetto SPICS: 4848</subfield>
    <subfield code="9">50714</subfield>
  </datafield>
  <datafield tag="700" ind1=" " ind2=" ">
    <subfield code="a">Yong Jung Soo </subfield>
    <subfield code="e">(regista)</subfield>
    <subfield code="g">Codice regista SPICS: 60182</subfield>
    <subfield code="9">50715</subfield>
  </datafield>
  <datafield tag="700" ind1=" " ind2=" ">
    <subfield code="a">Zavallone Paolo</subfield>
    <subfield code="e">(musica)</subfield>
    <subfield code="g">Codice Musica SPICS: 60183</subfield>
    <subfield code="9">50716</subfield>
  </datafield>
  <datafield tag="942" ind1=" " ind2=" ">
    <subfield code="c">DV</subfield>
    <subfield code="2">ddc</subfield>
  </datafield>
  <datafield tag="999" ind1=" " ind2=" ">
    <subfield code="c">107163</subfield>
    <subfield code="d">107163</subfield>
  </datafield>
  <datafield tag="952" ind1=" " ind2=" ">
    <subfield code="0">0</subfield>
    <subfield code="1">0</subfield>
    <subfield code="4">0</subfield>
    <subfield code="6">K_0462_000000000000000</subfield>
    <subfield code="7">1</subfield>
    <subfield code="a">SPICS</subfield>
    <subfield code="b">SPICS</subfield>
    <subfield code="d">2015-01-31</subfield>
    <subfield code="l">0</subfield>
    <subfield code="o">K0462</subfield>
    <subfield code="r">2015-01-31 00:00:00</subfield>
    <subfield code="w">2015-01-31</subfield>
    <subfield code="y">DV</subfield>
    <subfield code="z">Progr. Ins.: 3942 / N.Vol.:1 / Copie: 1 / Pag.:0 / Copia rara: n.d. / date import: 1.2.2015 / By Epidotti, Trombetti, Vaglietti</subfield>
  </datafield>
</record>
